[Event "HUN-chT2 Barcza 1819"]
[Site "Hungary"]
[Date "2019.04.28"]
[Round "11.1"]
[White "Baranyai, Szabolcs Jr"]
[Black "Mizik, Tamas"]
[Result "1-0"]
[WhiteElo "2227"]
[BlackElo "2015"]
[PlyCount "67"]
[EventDate "2018.09.23"]
[EventType "team-tourn"]
[EventRounds "11"]
[EventCountry "HUN"]
[SourceTitle "EXT 2021"]
[Source "ChessBase"]
[SourceDate "2020.10.23"]
[SourceVersion "1"]
[SourceVersionDate "2020.10.23"]
[SourceQuality "1"]
[WhiteTeam "Hajduszoboszlo"]
[BlackTeam "Tiszavasvar"]
[WhiteTeamCountry "HUN"]
[BlackTeamCountry "HUN"]

1. d4 Nf6 2. c4 e6 3. Nf3 b6 4. g3 Bb7 5. Bg2 Be7 6. 0-0 0-0 7. Nc3 Ne4 8. Bd2 d6 9. d5 Nxc3 10. Bxc3 e5 11. Nd2 f5 12. f4 e4 13. Nb3 Bf6 14. Nd4 Bxd4+ 15. Qxd4 Qf6 16. Qxf6 gxf6 17. Bh3 Bc8 18. b4 Kg7 19. Bd4 Kg6 20. a4 a5 21. Rfb1 axb4 22. Rxb4 Na6 23. Rb2 Nc5 24. Bxc5 dxc5 25. a5 Ba6 26. axb6 Bxc4 27. Rxa8 Rxa8 28. bxc7 Rc8 29. d6 Be6 30. e3 c4 31. Bf1 c3 32. Rc2 Kf7 33. Rxc3 Ke8 34. Ba6 1-0

[Event "HUN-chT2 Barcza 1718"]
[Site "Hungary"]
[Date "2018.01.28"]
[Round "7.1"]
[White "Oros, Robert"]
[Black "Mizik, Tamas"]
[Result "1/2-1/2"]
[WhiteElo "2277"]
[BlackElo "2030"]
[PlyCount "41"]
[EventDate "2017.09.24"]
[EventType "team-tourn"]
[EventRounds "11"]
[EventCountry "HUN"]
[SourceTitle "EXT 2021"]
[Source "ChessBase"]
[SourceDate "2020.10.23"]
[SourceVersion "1"]
[SourceVersionDate "2020.10.23"]
[SourceQuality "1"]
[WhiteTeam "Nyiregyhaza SISE"]
[BlackTeam "Tiszavasvar"]
[WhiteTeamCountry "HUN"]
[BlackTeamCountry "HUN"]

1. d4 Nf6 2. Bg5 Ne4 3. Bf4 d5 4. Nd2 Bf5 5. e3 e6 6. f3 Nxd2 7. Qxd2 Bd6 8. Ne2 c5 9. dxc5 Bxc5 10. Qc3 Qb6 11. Qxg7 Rf8 12. Nd4 Qxb2 13. Nxf5 Qxc2 14. Bd6 Nd7 15. Bb5 Bxd6 16. Nxd6+ Ke7 17. Bxd7 Kxd6 18. Bb5 Rg8 19. Qd4 Rxg2 20. e4 Rc8 21. e5+ 1/2-1/2

[Event "HUN-chT2 Barcza 1718"]
[Site "Hungary"]
[Date "2017.11.26"]
[Round "4.1"]
[White "Mizik, Tamas"]
[Black "Farkas, Adam"]
[Result "1/2-1/2"]
[WhiteElo "2030"]
[BlackElo "2165"]
[PlyCount "44"]
[EventDate "2017.09.24"]
[EventType "team-tourn"]
[EventRounds "11"]
[EventCountry "HUN"]
[SourceTitle "EXT 2021"]
[Source "ChessBase"]
[SourceDate "2020.10.23"]
[SourceVersion "1"]
[SourceVersionDate "2020.10.23"]
[SourceQuality "1"]
[WhiteTeam "Tiszavasvar"]
[BlackTeam "Bajnok Sakkiskola"]
[WhiteTeamCountry "HUN"]
[BlackTeamCountry "HUN"]

1. e4 e6 2. d4 d5 3. Nd2 Nf6 4. e5 Nfd7 5. Bd3 c5 6. c3 Nc6 7. Ne2 cxd4 8. cxd4 f6 9. exf6 Nxf6 10. Nf3 Bd6 11. 0-0 0-0 12. h3 Qc7 13. Be3 Bd7 14. Rc1 Rae8 15. a3 Qb8 16. b4 e5 17. dxe5 Nxe5 18. Nxe5 Bxe5 19. Bd4 Rf7 20. Re1 Rfe7 21. Qd2 Bxd4 22. Nxd4 Rxe1+ 1/2-1/2

[Event "HUN-chT2 Barcza 1718"]
[Site "Hungary"]
[Date "2017.10.08"]
[Round "2.1"]
[White "Mizik, Tamas"]
[Black "Bai, Attila"]
[Result "1/2-1/2"]
[WhiteElo "2030"]
[BlackElo "2251"]
[PlyCount "100"]
[EventDate "2017.09.24"]
[EventType "team-tourn"]
[EventRounds "11"]
[EventCountry "HUN"]
[SourceTitle "EXT 2021"]
[Source "ChessBase"]
[SourceDate "2020.10.23"]
[SourceVersion "1"]
[SourceVersionDate "2020.10.23"]
[SourceQuality "1"]
[WhiteTeam "Tiszavasvar"]
[BlackTeam "Debrecen Sakkiskola II"]
[WhiteTeamCountry "HUN"]
[BlackTeamCountry "HUN"]

1. Nf3 Nf6 2. g3 g6 3. Bg2 c5 4. c4 Bg7 5. 0-0 0-0 6. Nc3 Nc6 7. d4 cxd4 8. Nxd4 a6 9. Nxc6 bxc6 10. e4 Rb8 11. Re1 Ne8 12. Qc2 Nc7 13. Bf4 e5 14. Be3 Ne6 15. Ne2 c5 16. Qd2 Nd4 17. Rab1 d6 18. Nc3 Be6 19. Nd5 Bxd5 20. cxd5 Rb4 21. Bxd4 exd4 22. Bf1 a5 23. a3 Rb7 24. b4 cxb4 25. axb4 axb4 26. Rxb4 Rxb4 27. Qxb4 Qb8 28. Rb1 Qxb4 29. Rxb4 Ra8 30. Rb6 Ra1 31. Rb8+ Bf8 32. Rb3 Be7 33. Kg2 Kg7 34. Rd3 Bf6 35. Rd2 Re1 36. Be2 Bd8 37. Kf3 Bb6 38. Rd1 Rxd1 39. Bxd1 d3 40. Kg2 g5 41. f4 gxf4 42. gxf4 f5 43. Kf3 Kf6 44. h3 h6 45. h4 Bg1 46. h5 Bd4 47. Ba4 Bg1 48. Bd1 Bc5 49. Ba4 Bb4 50. Bb3 Bc3 1/2-1/2

[Event "HUN-chT2 Barcza 1617"]
[Site "Hungary"]
[Date "2016.10.30"]
[Round "3.1"]
[White "Mizik, Tamas"]
[Black "Estrada Nieto, Julian"]
[Result "1/2-1/2"]
[WhiteElo "2027"]
[BlackElo "2272"]
[PlyCount "152"]
[EventDate "2016.09.25"]
[EventType "team-tourn"]
[EventRounds "11"]
[EventCountry "HUN"]
[SourceTitle "EXT 2021"]
[Source "ChessBase"]
[SourceDate "2020.10.23"]
[SourceVersion "1"]
[SourceVersionDate "2020.10.23"]
[SourceQuality "1"]
[WhiteTeam "Tiszavasvar"]
[BlackTeam "Hajduboszormeny"]
[WhiteTeamCountry "HUN"]
[BlackTeamCountry "HUN"]

1. e4 e5 2. Nf3 Nc6 3. Bb5 a6 4. Bxc6 dxc6 5. Nc3 f6 6. d4 exd4 7. Qxd4 Qxd4 8. Nxd4 Bd7 9. Be3 0-0-0 10. 0-0-0 Bd6 11. f3 Ne7 12. Nb3 Ng6 13. Nc5 Be8 14. a3 Bf7 15. Nd3 b6 16. Ne2 c5 17. Nef4 Ne5 18. Nxe5 Bxe5 19. g3 Kb7 20. Nd3 Bd6 21. Bf4 Be7 22. h4 h5 23. Nf2 Kc6 24. Rxd8 Rxd8 25. Rd1 Rg8 26. e5 Bd5 27. exf6 Bxf6 28. Ne4 Be7 29. Re1 Rf8 30. Nc3 Bd6 31. Bxd6 cxd6 32. Nxd5 Kxd5 33. Re7 g5 34. Rh7 Rxf3 35. Rxh5 Rxg3 36. hxg5 Rg2 37. g6+ Kd4 38. Rh6 Kd5 39. b3 b5 40. Kb2 a5 41. Rh8 Rxg6 42. Ra8 a4 43. bxa4 bxa4 44. Rxa4 Rg2 45. Kc3 Rg3+ 46. Kb2 c4 47. Ra8 Kd4 48. Rh8 d5 49. Re8 Rg7 50. Rb8 Rg1 51. Rc8 Rg6 52. Rb8 Ra6 53. Rb5 Ra8 54. Rb7 Ke3 55. Rh7 Kd4 56. Rb7 Rh8 57. Rb5 Rh1 58. Rb4 Kc5 59. Rb8 Kd4 60. Rb4 Rh8 61. Rb5 Ra8 62. Rb4 Ra5 63. Rb8 Ke3 64. Rh8 Kd4 65. Rb8 Ra7 66. Rb5 Ke4 67. Rb8 Re7 68. Kc3 Ke5 69. Rd8 Rh7 70. Re8+ Kd6 71. Rd8+ Kc5 72. Rc8+ Kd6 73. Rd8+ Kc5 74. Rc8+ Kd6 75. Rd8+ Kc5 76. Rc8+ Kd6 1/2-1/2

[Event "HUN-chT2 Barcza 1516"]
[Site "Hungary"]
[Date "2016.04.03"]
[Round "10.1"]
[White "Mizik, Tamas"]
[Black "Szurovszky, Elek"]
[Result "1/2-1/2"]
[WhiteElo "2030"]
[BlackElo "2062"]
[PlyCount "116"]
[EventDate "2015.09.13"]
[EventType "team-tourn"]
[EventRounds "11"]
[EventCountry "HUN"]
[SourceTitle "EXT 2017"]
[Source "ChessBase"]
[SourceDate "2016.10.25"]
[SourceVersion "1"]
[SourceVersionDate "2016.10.25"]
[SourceQuality "1"]
[WhiteTeam "Tiszavasvar"]
[BlackTeam "Miskolc KisBocsok"]
[WhiteTeamCountry "HUN"]
[BlackTeamCountry "HUN"]

1. e4 d5 2. exd5 Qxd5 3. Nc3 Qa5 4. d4 Nf6 5. Bc4 Bg4 6. f3 Bf5 7. Bf4 c6 8. Nge2 Nbd7 9. g4 Bg6 10. Bg3 e6 11. a3 h5 12. Nf4 Rh6 13. Bxe6 0-0-0 14. Nxg6 fxe6 15. Nxf8 Nxf8 16. Qd2 hxg4 17. fxg4 Nd5 18. Ne4 Qxd2+ 19. Kxd2 Nf6 20. Nd6+ Rxd6 21. Bxd6 Ne4+ 22. Kd3 Nxd6 23. h4 Nd7 24. Rae1 Kc7 25. g5 Rh5 26. Rxe6 Nf5 27. Rh3 Nf8 28. Re5 g6 29. Re4 Kd7 30. c3 Ne6 31. Rf3 b5 32. b3 a5 33. a4 bxa4 34. bxa4 Kd6 35. c4 Nexd4 36. Rxd4+ Nxd4 37. Kxd4 Rxh4+ 38. Kd3 Kc5 39. Rf6 Rd4+ 40. Kc3 Rxc4+ 41. Kb3 Rb4+ 42. Ka3 Rg4 43. Rxg6 Rg3+ 44. Kb2 Kd5 45. Rg8 Kc4 46. g6 c5 47. g7 Rb3+ 48. Kc2 Rb7 49. Ra8 Rxg7 50. Rxa5 Rg2+ 51. Kc1 Kd4 52. Ra8 c4 53. Rh8 Kc3 54. Rh3+ Kb4 55. Rh8 Kb3 56. Rb8+ Kc3 57. Kb1 Rg1+ 58. Ka2 Rg2+ 1/2-1/2

[Event "HUN-chT2 Barcza 1516"]
[Site "Hungary"]
[Date "2015.12.06"]
[Round "6.1"]
[White "Mizik, Tamas"]
[Black "Varga, Peter"]
[Result "1/2-1/2"]
[WhiteElo "2056"]
[BlackElo "2407"]
[PlyCount "57"]
[EventDate "2015.09.13"]
[EventType "team-tourn"]
[EventRounds "11"]
[EventCountry "HUN"]
[SourceTitle "CBM 170 Extra"]
[Source "ChessBase"]
[SourceDate "2016.02.25"]
[SourceVersion "1"]
[SourceVersionDate "2016.02.25"]
[SourceQuality "1"]
[WhiteTeam "Tiszavasvar"]
[BlackTeam "Kwizda Sakkiskola"]
[WhiteTeamCountry "HUN"]
[BlackTeamCountry "HUN"]

1. e4 c5 2. Nc3 Nc6 3. g3 g6 4. Bg2 Bg7 5. d3 d6 6. Nge2 e5 7. Nd5 h6 8. c4 Nge7 9. Nec3 0-0 10. 0-0 f5 11. f4 exf4 12. Bxf4 g5 13. Nxe7+ Nxe7 14. Be3 Be6 15. Qd2 Qd7 16. Rae1 fxe4 17. Bxe4 Rxf1+ 18. Rxf1 Rf8 19. Rxf8+ Kxf8 20. b3 Nf5 21. Bxf5 Bxf5 22. d4 b6 23. dxc5 dxc5 24. Qxd7 Bxd7 25. Nb5 Bxb5 26. cxb5 Ke7 27. Kf2 Kd6 28. Ke2 Kd5 29. Kd3 1/2-1/2

[Event "HUN-chT2 Barcza 1516"]
[Site "Hungary"]
[Date "2015.11.08"]
[Round "4.1"]
[White "Mizik, Tamas"]
[Black "Barva, Attila"]
[Result "0-1"]
[WhiteElo "2056"]
[BlackElo "2384"]
[PlyCount "78"]
[EventDate "2015.09.13"]
[EventType "team-tourn"]
[EventRounds "11"]
[EventCountry "HUN"]
[SourceTitle "CBM 170 Extra"]
[Source "ChessBase"]
[SourceDate "2016.02.25"]
[SourceVersion "1"]
[SourceVersionDate "2016.02.25"]
[SourceQuality "1"]
[WhiteTeam "Tiszavasvar"]
[BlackTeam "Edeleny"]
[WhiteTeamCountry "HUN"]
[BlackTeamCountry "HUN"]

1. e4 e6 2. d4 d5 3. exd5 exd5 4. Nf3 Bd6 5. Bd3 h6 6. h3 Qf6 7. c3 Ne7 8. Nbd2 Nbc6 9. Nf1 g5 10. Ne3 h5 11. Qe2 Be6 12. Bd2 0-0-0 13. 0-0-0 g4 14. Ng1 Ng6 15. Bxg6 Qxg6 16. f3 f5 17. hxg4 fxg4 18. fxg4 hxg4 19. Rxh8 Rxh8 20. Rf1 Qe4 21. Nc4 Bf5 22. Nxd6+ cxd6 23. Qxe4 Bxe4 24. Rf4 g3 25. Rg4 Ne7 26. Nf3 Rh1+ 27. Ne1 Nf5 28. Rg5 Bxg2 29. Rxf5 Be4 30. Rg5 g2 31. Be3 Rxe1+ 32. Kd2 Rb1 33. b4 Rb2+ 34. Kd1 Rxa2 35. Rg7 Bf3+ 36. Kc1 a6 37. Rg3 Be4 38. Kd1 Kd7 39. Bd2 Bf3+ 0-1

[Event "HUN-chT2 Barcza 1415"]
[Site "Hungary"]
[Date "2015.03.22"]
[Round "?"]
[White "Mizik, Tamas"]
[Black "Hando, Vilmos"]
[Result "0-1"]
[WhiteElo "2078"]
[BlackElo "2339"]
[PlyCount "106"]
[EventDate "2014.09.07"]
[EventType "team-tourn"]
[EventRounds "11"]
[EventCountry "HUN"]
[SourceTitle "EXT 2016"]
[Source "ChessBase"]
[SourceDate "2015.10.08"]
[SourceVersion "1"]
[SourceVersionDate "2015.10.08"]
[SourceQuality "1"]
[WhiteTeam "Tiszavasvar"]
[BlackTeam "Kazincbarcika"]
[WhiteTeamCountry "HUN"]
[BlackTeamCountry "HUN"]

1. e4 c5 2. Nf3 e6 3. d4 cxd4 4. Nxd4 a6 5. Bd3 Nf6 6. c4 Nc6 7. Nxc6 dxc6 8. 0-0 e5 9. Nc3 Bc5 10. h3 0-0 11. Bg5 h6 12. Bh4 Be6 13. Qf3 g5 14. Bg3 g4 15. Qe2 Nh5 16. Kh2 Qg5 17. h4 Qf6 18. Rad1 b5 19. b3 Rfd8 20. cxb5 axb5 21. Bb1 Bd4 22. Qc2 Rac8 23. Ne2 c5 24. Nxd4 cxd4 25. Qd3 Bd7 26. Rc1 b4 27. Qd2 Rc3 28. a3 Bb5 29. Rfd1 Nxg3 30. fxg3 Re3 31. Re1 Rxe1 32. Qxe1 bxa3 33. Qa5 Be2 34. Qd2 d3 35. Re1 Qd6 36. b4 Kg7 37. Ba2 Qd4 38. Bd5 Qb2 39. Qe3 Qxb4 40. Rxe2 dxe2 41. Qxe2 h5 42. Qf2 Qe7 43. Qf5 Rh8 44. Qf2 Rh6 45. Qf1 Rf6 46. Qd3 Rf2 47. Qb1 Qf6 48. Qa1 Rb2 49. Qc1 Kh7 50. Bc4 Qf2 51. Bf1 Rd2 52. Qc6 a2 53. Qa6 Rd1 0-1

[Event "HUN-chT2 Barcza 1415"]
[Site "Hungary"]
[Date "2014.10.12"]
[Round "?"]
[White "Braun, Marton"]
[Black "Mizik, Tamas"]
[Result "1/2-1/2"]
[WhiteElo "2212"]
[BlackElo "2078"]
[PlyCount "55"]
[EventDate "2014.09.07"]
[EventType "team-tourn"]
[EventRounds "11"]
[EventCountry "HUN"]
[SourceTitle "EXT 2016"]
[Source "ChessBase"]
[SourceDate "2015.10.08"]
[SourceVersion "1"]
[SourceVersionDate "2015.10.08"]
[SourceQuality "1"]
[WhiteTeam "Debrecen Sakkbaratok"]
[BlackTeam "Tiszavasvar"]
[WhiteTeamCountry "HUN"]
[BlackTeamCountry "HUN"]

1. d4 Nf6 2. c4 e6 3. Nc3 Bb4 4. e3 b6 5. Bd3 Bb7 6. Nf3 c5 7. a3 Bxc3+ 8. bxc3 d6 9. 0-0 0-0 10. Qc2 d5 11. cxd5 exd5 12. a4 Nbd7 13. a5 c4 14. Be2 b5 15. Ba3 Re8 16. Bb4 Nb8 17. Qb2 a6 18. Ne5 Nc6 19. Nxc6 Bxc6 20. Bf3 Bd7 21. Bd6 Bg4 22. Bxg4 Qxd6 23. Bf3 Ne4 24. g3 f5 25. Bg2 g6 26. f3 Nf6 27. Rae1 Re7 28. Re2 1/2-1/2

[Event "HUN-chT2 Barcza 1314"]
[Site "Hungary"]
[Date "2014.04.27"]
[Round "11"]
[White "Mizik, Tamas"]
[Black "Kiss, Pal"]
[Result "0-1"]
[WhiteElo "2064"]
[BlackElo "2337"]
[PlyCount "70"]
[EventDate "2013.09.08"]
[EventType "team-tourn"]
[EventRounds "11"]
[EventCountry "HUN"]
[SourceTitle "EXT 2016"]
[Source "ChessBase"]
[SourceDate "2015.10.08"]
[SourceVersion "1"]
[SourceVersionDate "2015.10.08"]
[SourceQuality "1"]
[WhiteTeam "Tiszavasvar"]
[BlackTeam "Sajobabony"]
[WhiteTeamCountry "HUN"]
[BlackTeamCountry "HUN"]

1. e4 c5 2. Nc3 Nc6 3. g3 g6 4. Bg2 Bg7 5. d3 d6 6. Be3 e6 7. Nge2 Nd4 8. Qd2 Ne7 9. 0-0 0-0 10. Rae1 Nec6 11. Nd1 Qa5 12. Qxa5 Nxa5 13. Nxd4 cxd4 14. Bd2 Nc6 15. c4 a5 16. a3 Ne5 17. f4 Nxd3 18. Re2 a4 19. g4 Bd7 20. Rf3 Nc5 21. Bb4 Bc6 22. Bxc5 dxc5 23. Nf2 Rfb8 24. Nd3 b5 25. cxb5 Bxb5 26. e5 Bf8 27. Rc2 c4 28. Nb4 d3 29. Rc1 Bxb4 30. axb4 a3 31. Rf2 axb2 32. Rxb2 Ra3 33. Rbb1 c3 34. Bf1 c2 35. Ra1 Rxa1 0-1

[Event "HUN-chT2 Barcza 1213"]
[Site "Hungary"]
[Date "2012.10.07"]
[Round "2.1"]
[White "Meszaros, Andras"]
[Black "Mizik, Tamas"]
[Result "1-0"]
[WhiteElo "2276"]
[BlackElo "2073"]
[PlyCount "61"]
[EventDate "2012.09.16"]
[EventType "team-tourn"]
[EventRounds "11"]
[EventCountry "HUN"]
[SourceTitle "EXT 2014"]
[Source "ChessBase"]
[SourceDate "2013.11.20"]
[SourceVersion "1"]
[SourceVersionDate "2013.11.20"]
[SourceQuality "1"]
[WhiteTeam "Nadudvar"]
[BlackTeam "Tiszavasvar"]
[WhiteTeamCountry "HUN"]
[BlackTeamCountry "HUN"]

1. e4 e5 2. Nf3 Nc6 3. d4 exd4 4. Nxd4 Bc5 5. Be3 Qf6 6. Nb5 Bxe3 7. fxe3 Qd8 8. Qg4 g6 9. Qf4 d6 10. Bc4 Qe7 11. 0-0 Ne5 12. N1c3 g5 13. Qf2 c6 14. Bxf7+ Nxf7 15. Qxf7+ Kd8 16. Nxd6 Kc7 17. Nxc8 Rxc8 18. Qc4 Kb8 19. Rf7 Qe8 20. Rd1 Rc7 21. Rxc7 Kxc7 22. Nb5+ Kb8 23. Nd6 Qd7 24. Qf7 Ne7 25. e5 Rd8 26. Rd3 Nd5 27. Qxd7 Rxd7 28. Ne4 h6 29. c4 Nb6 30. Rxd7 Nxd7 31. e6 1-0

[Event "HUN-chT2 Barcza 1213"]
[Site "Hungary"]
[Date "2012.09.16"]
[Round "1.1"]
[White "Suto, Gabor"]
[Black "Mizik, Tamas"]
[Result "1-0"]
[WhiteElo "2193"]
[BlackElo "2073"]
[PlyCount "73"]
[EventDate "2012.09.16"]
[EventType "team-tourn"]
[EventRounds "11"]
[EventCountry "HUN"]
[SourceTitle "EXT 2014"]
[Source "ChessBase"]
[SourceDate "2013.11.20"]
[SourceVersion "1"]
[SourceVersionDate "2013.11.20"]
[SourceQuality "1"]
[WhiteTeam "Miskolc Kisbocsok"]
[BlackTeam "Tiszavasvar"]
[WhiteTeamCountry "HUN"]
[BlackTeamCountry "HUN"]

1. d4 Nf6 2. c4 e6 3. Nf3 b6 4. a3 Bb7 5. Nc3 Be7 6. Bg5 d5 7. e3 Nbd7 8. Qc2 h6 9. Bh4 Rc8 10. Rd1 0-0 11. Be2 a6 12. 0-0 Ne4 13. Bxe7 Qxe7 14. Nxe4 dxe4 15. Nd2 f5 16. f3 Nf6 17. fxe4 Bxe4 18. Nxe4 Nxe4 19. Bf3 Nf6 20. c5 bxc5 21. dxc5 Ne4 22. Bxe4 fxe4 23. b4 a5 24. Qxe4 axb4 25. axb4 Rcd8 26. Rxf8+ Rxf8 27. h3 Qf7 28. Kh2 Qf5 29. Rd4 Rb8 30. Qh4 Kh7 31. Qf4 Rb7 32. Kg3 g5 33. Rd7+ Kg6 34. Qd4 e5 35. Qd5 Kh5 36. Rg7 Rxb4 37. Qd1+ 1-0

[Event "HUN-chT2 Barcza 1112 "]
[Site "Hungary"]
[Date "2012.04.22"]
[Round "9"]
[White "Szabo, Balazs"]
[Black "Mizik, Tamas"]
[Result "1-0"]
[WhiteElo "2257"]
[BlackElo "2066"]
[PlyCount "95"]
[EventDate "2011.09.25"]
[EventType "team-tourn"]
[EventRounds "11"]
[EventCountry "HUN"]
[SourceTitle "EXT 2013"]
[Source "ChessBase"]
[SourceDate "2012.11.22"]
[SourceVersion "1"]
[SourceVersionDate "2012.11.22"]
[SourceQuality "1"]
[WhiteTeam "DEAC"]
[BlackTeam "Tiszavasvar"]
[WhiteTeamCountry "HUN"]
[BlackTeamCountry "HUN"]

1. e4 e5 2. Bc4 Nf6 3. d3 Bc5 4. Nf3 d6 5. h3 h6 6. c3 Qe7 7. b4 Bb6 8. a4 a6 9. Nbd2 Be6 10. 0-0 0-0 11. Re1 Nbd7 12. Bb2 Rfe8 13. Qb3 c6 14. Bxe6 Qxe6 15. Qxe6 fxe6 16. d4 exd4 17. cxd4 d5 18. e5 Nh7 19. a5 Bd8 20. Nb3 b6 21. axb6 Bxb6 22. Rec1 Nb8 23. Ne1 Nf8 24. Nd3 Nfd7 25. g4 g5 26. Kg2 Rf8 27. h4 Kg7 28. hxg5 hxg5 29. Na5 Bxa5 30. bxa5 Rc8 31. Rh1 c5 32. dxc5 Nxc5 33. Nxc5 Rxc5 34. Rh5 Nc6 35. Rxg5+ Kf7 36. Ra3 Rh8 37. Rf3+ Ke8 38. Rf6 Nd8 39. Bd4 Rxa5 40. Bb6 Rb5 41. Bxd8 Kxd8 42. Rxe6 a5 43. Rd6+ Kc8 44. e6 a4 45. Rgxd5 Rb4 46. f3 Re8 47. Kg3 a3 48. Ra5 1-0

[Event "HUN-chT2 Barcza 1112 "]
[Site "Hungary"]
[Date "2012.01.29"]
[Round "5"]
[White "Forgacs, Jozsef"]
[Black "Mizik, Tamas"]
[Result "1/2-1/2"]
[WhiteElo "2238"]
[BlackElo "2066"]
[PlyCount "27"]
[EventDate "2011.09.25"]
[EventType "team-tourn"]
[EventRounds "11"]
[EventCountry "HUN"]
[SourceTitle "EXT 2013"]
[Source "ChessBase"]
[SourceDate "2012.11.22"]
[SourceVersion "1"]
[SourceVersionDate "2012.11.22"]
[SourceQuality "1"]
[WhiteTeam "Debrecen Betu"]
[BlackTeam "Tiszavasvar"]
[WhiteTeamCountry "HUN"]
[BlackTeamCountry "HUN"]

1. e4 c6 2. d4 d5 3. exd5 cxd5 4. Bf4 Nc6 5. c3 Nf6 6. Bd3 Bg4 7. Nf3 Bxf3 8. Qxf3 g6 9. 0-0 Bg7 10. Nd2 0-0 11. Qh3 Nh5 12. Bg3 Qc8 13. Qxc8 Raxc8 14. f4 1/2-1/2

[Event "HUN-chT2 Barcza 1112 "]
[Site "Hungary"]
[Date "2011.11.27"]
[Round "4"]
[White "Braun, Marton"]
[Black "Mizik, Tamas"]
[Result "0-1"]
[WhiteElo "2284"]
[BlackElo "2066"]
[PlyCount "74"]
[EventDate "2011.09.25"]
[EventType "team-tourn"]
[EventRounds "11"]
[EventCountry "HUN"]
[SourceTitle "EXT 2013"]
[Source "ChessBase"]
[SourceDate "2012.11.22"]
[SourceVersion "1"]
[SourceVersionDate "2012.11.22"]
[SourceQuality "1"]
[WhiteTeam "Debrecen Sakkbaratok"]
[BlackTeam "Tiszavasvar"]
[WhiteTeamCountry "HUN"]
[BlackTeamCountry "HUN"]

1. d4 Nf6 2. c4 e6 3. Nc3 Bb4 4. a3 Bxc3+ 5. bxc3 b6 6. e3 Bb7 7. f3 d5 8. cxd5 exd5 9. Bd3 0-0 10. Ne2 c5 11. 0-0 Re8 12. Ng3 Ba6 13. Bxa6 Nxa6 14. Ra2 Nc7 15. Re2 Ne6 16. Nf5 g6 17. Nh6+ Kg7 18. e4 cxd4 19. e5 Ng8 20. Nxg8 Kxg8 21. cxd4 Rc8 22. f4 f5 23. g4 Rf8 24. Rg2 Rc4 25. Be3 Qe7 26. Qd3 Kh8 27. gxf5 Rxf5 28. Rc2 b5 29. Rxc4 bxc4 30. Qc3 Qh4 31. Qd2 g5 32. fxg5 Qg4+ 33. Qg2 Rxf1+ 34. Kxf1 Qd1+ 35. Kf2 Nxd4 36. Bf4 Qe2+ 37. Kg3 Nf5+ 0-1

[Event "HUN-chT2 Barcza 1112 "]
[Site "Hungary"]
[Date "2011.11.13"]
[Round "3"]
[White "Mizik, Tamas"]
[Black "Meszaros, Andras"]
[Result "0-1"]
[WhiteElo "2066"]
[BlackElo "2341"]
[PlyCount "70"]
[EventDate "2011.09.25"]
[EventType "team-tourn"]
[EventRounds "11"]
[EventCountry "HUN"]
[SourceTitle "EXT 2013"]
[Source "ChessBase"]
[SourceDate "2012.11.22"]
[SourceVersion "1"]
[SourceVersionDate "2012.11.22"]
[SourceQuality "1"]
[WhiteTeam "Tiszavasvar"]
[BlackTeam "Nadudvar"]
[WhiteTeamCountry "HUN"]
[BlackTeamCountry "HUN"]

1. e4 c5 2. Nc3 g6 3. g3 Bg7 4. Bg2 Nc6 5. d3 e6 6. Be3 d6 7. Qd2 Nd4 8. Nge2 Rb8 9. 0-0 Ne7 10. Rae1 0-0 11. Nd1 b5 12. c3 Nxe2+ 13. Rxe2 b4 14. c4 Nc6 15. Bh6 Nd4 16. Ree1 Bxh6 17. Qxh6 Qa5 18. Ne3 Qxa2 19. h4 Qxb2 20. h5 Nc6 21. hxg6 fxg6 22. f4 Qg7 23. Qxg7+ Kxg7 24. e5 Nd4 25. exd6 Rb6 26. Ng4 Rxd6 27. Re5 Rf5 28. Ra1 Ra6 29. Ree1 b3 30. Rxa6 Bxa6 31. Ra1 Ne2+ 32. Kf2 Nc3 33. Rxa6 b2 34. Ne5 b1Q 35. Rxa7+ Kg8 0-1

[Event "HUN-chT2 Barcza 1112 "]
[Site "Hungary"]
[Date "2011.09.25"]
[Round "1"]
[White "Mizik, Tamas"]
[Black "Paszerbovics, Sandor"]
[Result "1/2-1/2"]
[WhiteElo "2066"]
[BlackElo "2097"]
[PlyCount "117"]
[EventDate "2011.09.25"]
[EventType "team-tourn"]
[EventRounds "11"]
[EventCountry "HUN"]
[SourceTitle "EXT 2013"]
[Source "ChessBase"]
[SourceDate "2012.11.22"]
[SourceVersion "1"]
[SourceVersionDate "2012.11.22"]
[SourceQuality "1"]
[WhiteTeam "Tiszavasvar"]
[BlackTeam "Balkany"]
[WhiteTeamCountry "HUN"]
[BlackTeamCountry "HUN"]

1. e4 e5 2. Bc4 Nf6 3. Nf3 Nc6 4. d3 h6 5. Nc3 d6 6. h3 Be7 7. Be3 Na5 8. Bb3 Nxb3 9. axb3 c5 10. 0-0 Be6 11. Nh2 g5 12. Ne2 Nh5 13. g4 Nf4 14. Nxf4 gxf4 15. Bd2 h5 16. f3 hxg4 17. hxg4 Bh4 18. Be1 Bg3 19. Rf2 Qh4 20. Qe2 Bxf2+ 21. Qxf2 Qh3 22. Qg2 Kd7 23. Nf1 a6 24. Qxh3 Rxh3 25. Kg2 Rah8 26. c4 Kc6 27. b4 Rh1 28. Ra5 cxb4 29. Bxb4 R1h6 30. Be1 Bc8 31. b4 b6 32. Ra3 Kb7 33. Bf2 Rg8 34. d4 f5 35. exf5 Bxf5 36. Nd2 Bc2 37. Rc3 Bd1 38. Ne4 Rgh8 39. Bg1 Rc8 40. dxe5 dxe5 41. c5 Be2 42. Ra3 bxc5 43. Bxc5 Rch8 44. Bg1 Rd8 45. Ra5 Rd1 46. Rxe5 Bxf3+ 47. Kxf3 Rxg1 48. Kxf4 Rg6 49. g5 Rf1+ 50. Kg4 Kb6 51. Kh5 Rc6 52. Nf6 Rcxf6 53. gxf6 Rxf6 54. Kg5 Rf2 55. Ra5 Rc2 56. Kf5 Rc4 57. Ra4 Rc6 58. Ra5 Rh6 59. Kg4 1/2-1/2

[Event "HUN-chT2 Barcza 0910"]
[Site "Hungary"]
[Date "2010.05.02"]
[Round "11.3"]
[White "Ag, Norbert"]
[Black "Mizik, Tamas"]
[Result "1/2-1/2"]
[WhiteElo "2241"]
[BlackElo "2062"]
[PlyCount "64"]
[EventDate "2009.11.08"]
[EventType "team-tourn"]
[EventRounds "11"]
[EventCountry "HUN"]
[SourceTitle "EXT 2011"]
[Source "ChessBase"]
[SourceDate "2010.11.26"]
[SourceVersion "1"]
[SourceVersionDate "2010.11.26"]
[SourceQuality "1"]
[WhiteTeam "DEAC"]
[BlackTeam "Tiszavasvar"]
[WhiteTeamCountry "HUN"]
[BlackTeamCountry "HUN"]

1. e4 e5 2. Nf3 Nc6 3. Bc4 Bc5 4. c3 Qe7 5. 0-0 d6 6. d3 Nf6 7. b4 Bb6 8. a4 a6 9. Nbd2 0-0 10. Ba2 h6 11. Nc4 Ba7 12. b5 Nb8 13. Ba3 Nbd7 14. bxa6 bxa6 15. Ne3 Bxe3 16. fxe3 Bb7 17. Nh4 Kh7 18. Nf5 Qd8 19. Qe2 g6 20. Ng3 Kg7 21. Rf3 Nh7 22. Raf1 f6 23. R3f2 Bc8 24. Qg4 Ng5 25. Qd1 h5 26. Rb2 Rb8 27. Rxb8 Nxb8 28. Ne2 Be6 29. Bxe6 Nxe6 30. Qb3 Qd7 31. Qc4 Re8 32. Qb3 Nc6 1/2-1/2